Statistics for Canto degli Italiani (Italian Anthem) Lyrics

Click here to take the quiz!

General Stats

  • This quiz has been taken 59 times
  • The average score is 20 of 64

Answer Stats

VerseAnswer% Correct
1Fratelli d'Italia
100%
3dell'elmo di scipio
91%
2l'Italia se desta
91%
4se cinta la testa
91%
5dov'è la vittoria?
89%
8iddio la creò.
87%
7che schiava di roma
85%
6le porga la chioma,
83%
10siam pronti alla morte
64%
12l'Italia chiamò.
62%
11siam pronti alla morte
62%
/9Stringiamoci a coorte
62%
15siam pronti alla morte
47%
14siam pronti alla morte
47%
13Stringiamoci a coorte
45%
16/l'Italia chiamò! SI!
34%
18calpesti, derisi,
28%
19perché non siam popolo,
28%
20perché siam divisi.
28%
12l'Italia chiamò.
26%
17Noi fummo da secoli
26%
11siam pronti alla morte
26%
10siam pronti alla morte
26%
22bandiera, una speme:
23%
21Raccolgaci un'unica
23%
14siam pronti alla morte
23%
/9Stringiamoci a coorte
23%
33Dall'Alpi a Sicilia
21%
15siam pronti alla morte
21%
32chi vincer ci può?
19%
23di fonderci insieme
19%
16/l'Italia chiamò! SI!
19%
13Stringiamoci a coorte
19%
25Uniamoci, amiamoci,
19%
24già l'ora suonò.
17%
37I bimbi d'Italia
17%
46il sangue Polacco
17%
26l'Unione, e l'amore
17%
38si chiaman Balilla,
17%
31Uniti per Dio
17%
47bevè, col cosacco,
15%
34dovunque è Legnano,
15%
43già l'aquila d'Austria
15%
29giuriamo far libero
15%
30il suolo natio:
15%
39il suon d'ogni squilla
15%
28le vie del signore;
15%
35ogn'uom di Ferruccio
15%
27rivelano ai popoli
15%
45Il sangue d'Italia
13%
40i Vespri suonò.
13%
44le penne ha perdute.
13%
12l'Italia chiamò.
13%
11siam pronti alla morte
13%
15siam pronti alla morte
13%
14siam pronti alla morte
13%
10siam pronti alla morte
13%
36ha il core, ha la mano.
11%
48ma il cor le bruciò.
11%
/9Stringiamoci a coorte
11%
13Stringiamoci a coorte
11%
42le spade vendute:
9%
16/l'Italia chiamò! SI!
9%
41Son giunchi che piegano
9%

Score Distribution

Percentile by Number Answered

Percent of People with Each Score

Your Score History

You have not taken this quiz